[Event "Figueira 2023"]
[Site "?"]
[Date "2023.11.06"]
[Round "2.1"]
[White "Davtyan, David Arm."]
[Black "Grigoryan, Karen H."]
[Result "1/2-1/2"]
[BlackElo "2646"]
[WhiteElo "2362"]
[LiveChessVersion "1.4.8"]

1. e4 {[%clk 1:30:18]} c5 {[%clk 1:30:29]} 2. Nf3 {[%clk 1:30:10]} d6
{[%clk 1:29:26]} 3. Bb5+ {[%clk 1:29:43]} Nc6 {[%clk 1:29:19]} 4. O-O
{[%clk 1:29:44]} Bd7 {[%clk 1:29:32]} 5. Re1 {[%clk 1:30:07]} Nf6
{[%clk 1:29:10]} 6. c3 {[%clk 1:27:59]} a6 {[%clk 1:29:32]} 7. Bf1
{[%clk 1:27:34]} Bg4 {[%clk 1:29:18]} 8. d4 {[%clk 1:24:34]} cxd4
{[%clk 1:26:21]} 9. cxd4 {[%clk 1:24:52]} Bxf3 {[%clk 1:23:16]} 10. gxf3
{[%clk 1:25:00]} g6 {[%clk 1:19:05]} 11. Nc3 {[%clk 1:15:18]} Bg7
{[%clk 1:14:11]} 12. d5 {[%clk 1:07:45]} Nb8 {[%clk 1:14:01]} 13. f4
{[%clk 1:03:54]} O-O {[%clk 1:10:28]} 14. Bh3 {[%clk 1:00:50]} Nbd7
{[%clk 1:05:35]} 15. Be3 {[%clk 0:58:32]} b5 {[%clk 1:02:37]} 16. Qf3
{[%clk 0:52:08]} Rc8 {[%clk 0:43:58]} 17. Rad1 {[%clk 0:44:02]} Nh5
{[%clk 0:36:37]} 18. Bg4 {[%clk 0:40:24]} Nhf6 {[%clk 0:34:05]} 19. Bh3
{[%clk 0:38:18]} Nh5 {[%clk 0:30:06]} 20. Bg4 {[%clk 0:38:32]} Nhf6 21. Bh3
1/2-1/2

[Event "Figueira 2023"]
[Site "?"]
[Date "2023.11.06"]
[Round "2.2"]
[White "Safarli, Eltaj"]
[Black "Lewtak, Damian"]
[Result "1-0"]
[BlackElo "2356"]
[WhiteElo "2610"]
[LiveChessVersion "1.4.8"]

1. e4 c5 2. Nf3 d6 3. d4 cxd4 4. Nxd4 Nf6 5. Nc3 a6 6. Be3 e5 7. Nf3 Qc7 8. a4
Be7 9. Be2 Be6 10. O-O Nbd7 11. a5 O-O 12. Nd5 Bxd5 13. exd5 b5 14. axb6 Nxb6 15.
c4 a5 16. b3 Nbd7 17. Ra3 Ne4 18. Bd3 Nec5 19. Bf5 Nb7 20. Ng5 Nf6 21. Kh1 g6 22.
Bc2 Qd7 23. h3 h6 24. Nf3 Kg7 25. Qd2 Ng8 26. c5 dxc5 27. Nxe5 Qc7 28. Ng4 h5 29.
Bh6+ Kh7 30. Bxf8 Rxf8 31. Ne3 c4 32. Raa1 c3 33. Qe2 Nf6 34. Rfe1 Bb4 35. Qf3
Kg7 36. d6 Bxd6 37. Qxf6+ Kxf6 38. Nd5+ Kg7 39. Nxc7 Bxc7 40. Re7 Rc8 41. Rd1 Nc5
42. Re3 Bb6 43. Rxc3 Re8 44. Kg1 Re2 45. Kf1 Rxf2+ 46. Kxf2 Ne4+ 47. Kf1 Nxc3 48.
Rd7 Kf8 49. Bd3 Nd1 50. Ke2 Ne3 51. Kf3 g5 52. g4 hxg4+ 53. hxg4 Bc5 54. Rc7 1-0

[Event "Figueira 2023"]
[Site "?"]
[Date "2023.11.06"]
[Round "2.3"]
[White "Pablo Mari, Alejandro"]
[Black "Albornoz Cabrera, Carlos Daniel"]
[Result "1/2-1/2"]
[BlackElo "2585"]
[WhiteElo "2347"]
[LiveChessVersion "1.4.8"]

1. e4 {[%clk 1:30:57]} c5 {[%clk 1:30:52]} 2. c3 {[%clk 1:29:06]} Nf6
{[%clk 1:31:17]} 3. e5 {[%clk 1:29:26]} Nd5 {[%clk 1:31:43]} 4. Nf3
{[%clk 1:29:46]} d6 {[%clk 1:32:08]} 5. exd6 {[%clk 1:28:42]} e6 {[%clk 1:32:21]}
6. d4 {[%clk 1:25:59]} cxd4 {[%clk 1:31:09]} 7. Nxd4 {[%clk 1:24:34]} Bxd6
{[%clk 1:31:22]} 8. g3 {[%clk 1:21:52]} Nc6 {[%clk 1:27:26]} 9. Bg2
{[%clk 1:13:30]} Nxd4 {[%clk 1:26:51]} 10. Qxd4 {[%clk 1:13:53]} O-O
{[%clk 1:27:13]} 11. O-O {[%clk 1:14:16]} Qc7 {[%clk 1:27:00]} 12. Nd2
{[%clk 0:59:46]} Bc5 {[%clk 1:21:52]} 13. Qe4 {[%clk 0:56:14]} b5
{[%clk 1:12:30]} 14. a4 {[%clk 0:45:22]} bxa4 {[%clk 1:07:59]} 15. c4
{[%clk 0:32:58]} Nb6 {[%clk 1:04:50]} 16. Qc6 {[%clk 0:33:07]} Qxc6
{[%clk 1:00:42]} 17. Bxc6 {[%clk 0:33:29]} Rb8 {[%clk 1:01:06]} 18. Ne4
{[%clk 0:33:23]} Bd4 {[%clk 0:57:17]} 19. c5 {[%clk 0:28:53]} Bd7
{[%clk 0:37:40]} 20. Bxd7 {[%clk 0:27:34]} Nxd7 {[%clk 0:38:06]} 21. Rxa4
{[%clk 0:25:07]} Bxc5 {[%clk 0:36:22]} 22. Nxc5 {[%clk 0:10:21]} Nxc5
{[%clk 0:36:36]} 23. Rxa7 {[%clk 0:10:45]} Nd3 {[%clk 0:36:56]} 24. Rd7
{[%clk 0:05:34]} Nxb2 {[%clk 0:34:15]} 25. Bxb2 {[%clk 0:05:45]} Rxb2
{[%clk 0:34:43]} 26. h4 {[%clk 0:05:43]} Rb5 {[%clk 0:33:05]} 27. Rfd1
{[%clk 0:05:13]} g5 {[%clk 0:32:04]} 28. hxg5 {[%clk 0:05:26]} Rxg5
{[%clk 0:32:32]} 29. Rd8 {[%clk 0:05:49]} Rxd8 {[%clk 0:32:49]} 30. Rxd8+
{[%clk 0:06:12]} Kg7 {[%clk 0:33:18]} 31. Kg2 {[%clk 0:06:07]} h5
{[%clk 0:33:22]} 32. Kh3 {[%clk 0:04:22]} Rf5 {[%clk 0:32:42]} 33. Kg2
{[%clk 0:03:54]} Rd5 {[%clk 0:32:42]} 34. Re8 {[%clk 0:04:09]} Rf5
{[%clk 0:28:21]} 35. Ra8 {[%clk 0:04:07]} Kf6 {[%clk 0:28:48]} 36. Rh8
{[%clk 0:04:07]} Ra5 {[%clk 0:27:10]} 37. Re8 {[%clk 0:03:45]} Rg5
{[%clk 0:25:49]} 38. Kf3 {[%clk 0:02:54]} Rg7 {[%clk 0:25:19]} 39. Kf4
{[%clk 0:02:12]} Rh7 {[%clk 0:25:27]} 40. Ra8 {[%clk 0:32:09]} h4
{[%clk 0:55:48]} 41. gxh4 {[%clk 0:32:35]} Rxh4+ {[%clk 0:56:10]} 42. Kg3
{[%clk 0:32:15]} Rb4 {[%clk 0:56:35]} 43. Ra7 {[%clk 0:28:54]} e5
{[%clk 0:56:34]} 44. Rc7 {[%clk 0:27:45]} Rb3+ {[%clk 0:56:47]} 45. Kg4
{[%clk 0:25:00]} Kg6 {[%clk 0:56:34]} 46. Rc6+ {[%clk 0:24:52]} f6
{[%clk 0:57:03]} 47. Ra6 {[%clk 0:24:37]} Rb1 {[%clk 0:55:22]} 48. Rc6
{[%clk 0:21:46]} Rg1+ {[%clk 0:55:01]} 49. Kf3 {[%clk 0:22:08]} Kg5
{[%clk 0:54:12]} 50. Rc5 {[%clk 0:19:49]} Re1 {[%clk 0:52:05]} 51. Kg3
{[%clk 0:19:30]} Rg1+ {[%clk 0:51:58]} 52. Kf3 {[%clk 0:19:53]} Rg4
{[%clk 0:51:56]} 53. Ra5 {[%clk 0:18:53]} Kf5 {[%clk 0:51:24]} 54. Rb5
{[%clk 0:18:51]} Rc4 {[%clk 0:51:25]} 55. Rb6 {[%clk 0:12:52]} e4+
{[%clk 0:51:11]} 56. Kg2 {[%clk 0:11:51]} Rc3 {[%clk 0:51:27]} 57. Ra6
{[%clk 0:08:51]} Ke5 {[%clk 0:51:27]} 58. Ra8 {[%clk 0:08:41]} f5
{[%clk 0:51:45]} 59. Re8+ {[%clk 0:08:24]} Kf4 {[%clk 0:52:10]} 60. Rg8
{[%clk 0:08:01]} Rc2 {[%clk 0:48:30]} 61. Re8 {[%clk 0:08:15]} Re2
{[%clk 0:48:37]} 62. Ra8 {[%clk 0:07:28]} Rd2 {[%clk 0:48:02]} 63. Ra3
{[%clk 0:07:04]} Ke5 {[%clk 0:47:52]} 64. Ra8 {[%clk 0:06:17]} Rd6
{[%clk 0:46:13]} 65. Re8+ {[%clk 0:03:52]} Re6 {[%clk 0:46:23]} 66. Rg8
{[%clk 0:03:29]} f4 {[%clk 0:45:59]} 67. Rg5+ {[%clk 0:02:07]} Kd4
{[%clk 0:45:40]} 68. Rg8 {[%clk 0:01:36]} Kd3 {[%clk 0:44:37]} 69. Kf1
{[%clk 0:01:12]} Rd6 {[%clk 0:41:51]} 70. Ra8 {[%clk 0:00:51]} f3
{[%clk 0:41:27]} 71. Ke1 {[%clk 0:01:01]} Rd4 {[%clk 0:35:59]} 72. Ra3+
{[%clk 0:01:12]} Kc2 {[%clk 0:36:19]} 73. Ra2+ {[%clk 0:01:36]} Kb3
{[%clk 0:36:02]} 74. Ra8 {[%clk 0:01:57]} Rd5 {[%clk 0:33:50]} 75. Re8
{[%clk 0:01:58]} Kc2 {[%clk 0:34:07]} 76. Rc8+ {[%clk 0:02:21]} Kd3
{[%clk 0:34:31]} 77. Rc7 {[%clk 0:02:07]} Ra5 {[%clk 0:32:56]} 78. Rd7+
{[%clk 0:02:33]} Kc4 {[%clk 0:33:04]} 79. Rc7+ {[%clk 0:02:06]} Kd4
{[%clk 0:28:38]} 80. Rd7+ {[%clk 0:02:30]} Ke5 {[%clk 0:28:41]} 81. Re7+
{[%clk 0:02:47]} Kf5 {[%clk 0:28:49]} 82. Rf7+ {[%clk 0:03:09]} Ke6
{[%clk 0:25:54]} 83. Rb7 {[%clk 0:03:24]} Ra2 {[%clk 0:23:10]} 84. Rb5
{[%clk 0:03:31]} Re2+ {[%clk 0:23:34]} 85. Kf1 {[%clk 0:03:50]} Rd2
{[%clk 0:22:58]} 86. Ke1 {[%clk 0:04:14]} Rd5 {[%clk 0:23:24]} 87. Rb8
{[%clk 0:04:07]} Ke5 {[%clk 0:23:50]} 88. Ra8 {[%clk 0:03:56]} Rb5
{[%clk 0:21:06]} 89. Re8+ {[%clk 0:03:40]} Kd4 {[%clk 0:21:31]} 90. Rd8+
{[%clk 0:04:03]} Rd5 {[%clk 0:21:04]} 91. Ra8 {[%clk 0:03:44]} Kd3
{[%clk 0:21:15]} 92. Ra3+ {[%clk 0:04:02]} Kc2 {[%clk 0:21:36]} 93. Ra2+
{[%clk 0:04:21]} Kb3 {[%clk 0:21:46]} 94. Ra8 {[%clk 0:04:35]} Rd4
{[%clk 0:22:02]} 95. Ra7 {[%clk 0:03:36]} Rd8 {[%clk 0:19:51]} 96. Re7
{[%clk 0:03:39]} Kc2 {[%clk 0:20:12]} 97. Rc7+ {[%clk 0:03:49]} Kd3
{[%clk 0:20:40]} 98. Ra7 {[%clk 0:04:09]} Kd4 {[%clk 0:20:46]} 99. Ra4+
{[%clk 0:04:21]} Ke5 {[%clk 0:20:50]} 100. Ra7 {[%clk 0:03:14]} Rb8
{[%clk 0:17:49]} 101. Re7+ {[%clk 0:03:16]} Kd5 {[%clk 0:18:14]} 102. Rd7+
{[%clk 0:03:38]} Ke6 {[%clk 0:18:34]} 103. Ra7 {[%clk 0:03:51]} Rb2
{[%clk 0:13:41]} 104. Ra5 {[%clk 0:04:14]} Kd6 {[%clk 0:14:10]} 105. Rh5
{[%clk 0:04:09]} Re2+ {[%clk 0:13:22]} 106. Kf1 {[%clk 0:04:38]} Rc2
{[%clk 0:13:47]} 107. Ke1 {[%clk 0:04:57]} Rc5 {[%clk 0:14:01]} 108. Rh8
{[%clk 0:04:37]} Ke5 {[%clk 0:12:10]} 109. Re8+ {[%clk 0:04:33]} Kd4
{[%clk 0:11:27]} 110. Rd8+ {[%clk 0:04:47]} Kc3 {[%clk 0:11:45]} 111. Ra8
{[%clk 0:05:08]} Kc2 {[%clk 0:11:19]} 112. Ra7 {[%clk 0:04:08]} Rc8
{[%clk 0:11:06]} 113. Re7 {[%clk 0:03:21]} Rd8 {[%clk 0:07:00]} 114. Rc7+
{[%clk 0:03:42]} Kd3 {[%clk 0:07:29]} 115. Ra7 {[%clk 0:04:01]} Kd4
{[%clk 0:07:19]} 116. Ra4+ {[%clk 0:04:05]} Ke5 {[%clk 0:07:45]} 117. Ra7
{[%clk 0:04:23]} Rb8 {[%clk 0:07:52]} 118. Re7+ {[%clk 0:04:31]} Kd5
{[%clk 0:07:55]} 119. Rd7+ {[%clk 0:04:49]} Kc6 {[%clk 0:08:24]} 120. Ra7
{[%clk 0:03:07]} Rb1+ {[%clk 0:08:44]} 121. Kd2 {[%clk 0:03:22]} Rf1
{[%clk 0:09:09]} 1/2-1/2

[Event "Figueira 2023"]
[Site "?"]
[Date "2023.11.06"]
[Round "2.4"]
[White "Ghosh, Diptayan"]
[Black "Kistrup, Nicolai"]
[Result "1/2-1/2"]
[BlackElo "2330"]
[WhiteElo "2570"]
[LiveChessVersion "1.4.8"]

1. Nf3 {[%clk 1:27:32]} d5 {[%clk 1:30:48]} 2. g3 {[%clk 1:27:57]} g6
{[%clk 1:30:23]} 3. c4 {[%clk 1:28:14]} dxc4 {[%clk 1:29:42]} 4. Na3
{[%clk 1:28:37]} Nc6 {[%clk 1:27:24]} 5. Nxc4 {[%clk 1:28:43]} Bg7
{[%clk 1:27:38]} 6. d3 {[%clk 1:28:56]} e5 {[%clk 1:23:23]} 7. Bd2
{[%clk 1:29:08]} Qe7 {[%clk 1:05:04]} 8. Bg2 {[%clk 1:14:47]} Nf6
{[%clk 0:45:31]} 9. Bg5 {[%clk 0:57:15]} h6 {[%clk 0:38:55]} 10. Bxf6
{[%clk 0:57:01]} Bxf6 {[%clk 0:36:27]} 11. Nfd2 {[%clk 0:53:48]} Nd4
{[%clk 0:31:52]} 12. e3 {[%clk 0:52:35]} Ne6 {[%clk 0:29:04]} 13. Qc2
{[%clk 0:50:17]} O-O {[%clk 0:22:29]} 14. Rb1 {[%clk 0:46:20]} Rd8
{[%clk 0:10:13]} 15. b4 {[%clk 0:44:08]} c6 {[%clk 0:08:07]} 16. O-O
{[%clk 0:41:34]} Nc7 {[%clk 0:06:52]} 17. Ne4 {[%clk 0:40:28]} Bg7
{[%clk 0:06:22]} 18. a4 {[%clk 0:38:12]} Nd5 {[%clk 0:05:04]} 19. b5
{[%clk 0:27:31]} Nb4 {[%clk 0:03:46]} 20. Qb3 {[%clk 0:22:29]} Bf8
{[%clk 0:02:25]} 21. bxc6 {[%clk 0:08:05]} Nxc6 {[%clk 0:00:57]} 22. Qc3
{[%clk 0:07:08]} Bg7 {[%clk 0:00:50]} 23. Rb5 {[%clk 0:06:19]} f5
{[%clk 0:00:37]} 24. Ned2 {[%clk 0:06:32]} e4 {[%clk 0:00:34]} 25. d4
{[%clk 0:07:01]} Be6 {[%clk 0:00:39]} 26. Rfb1 {[%clk 0:07:08]} Rab8
{[%clk 0:00:37]} 27. Bf1 {[%clk 0:06:47]} a6 {[%clk 0:00:42]} 28. Rb6
{[%clk 0:06:49]} Nxd4 {[%clk 0:00:33]} 29. exd4 {[%clk 0:06:51]} Bxd4
{[%clk 0:00:57]} 30. Qa5 {[%clk 0:03:26]} Bxb6 {[%clk 0:00:35]} 31. Nxb6
{[%clk 0:03:26]} Rd4 {[%clk 0:00:35]} 32. Ndc4 {[%clk 0:03:01]} Qc7
{[%clk 0:00:36]} 33. Qc3 {[%clk 0:01:39]} Rbd8 {[%clk 0:00:48]} 34. a5
{[%clk 0:01:56]} Qc5 {[%clk 0:00:42]} 35. Qe3 {[%clk 0:01:27]} Kh7
{[%clk 0:00:35]} 36. h4 {[%clk 0:01:24]} Qc6 {[%clk 0:00:31]} 37. Be2
{[%clk 0:01:16]} Qc7 {[%clk 0:00:38]} 38. Rc1 {[%clk 0:00:52]} Qg7
{[%clk 0:00:39]} 39. Qa3 {[%clk 0:00:51]} g5 {[%clk 0:00:37]} 40. hxg5
{[%clk 0:30:38]} hxg5 {[%clk 0:30:42]} 41. Qc5 {[%clk 0:24:00]} f4
{[%clk 0:21:33]} 42. Re1 {[%clk 0:21:38]} Kg8 {[%clk 0:11:12]} 43. Rc1
{[%clk 0:17:07]} Qh6 {[%clk 0:05:46]} 44. Qe5 {[%clk 0:09:46]} Kf7
{[%clk 0:01:44]} 45. Qc7+ {[%clk 0:07:17]} Kf6 {[%clk 0:01:00]} 46. Qe5+
{[%clk 0:06:38]} Kf7 {[%clk 0:01:19]} 47. Qc7+ {[%clk 0:05:57]} Kf6
{[%clk 0:01:45]} 48. Qc5 {[%clk 0:05:43]} Kg7 {[%clk 0:00:41]} 49. Qc7+
{[%clk 0:02:50]} Kf6 {[%clk 0:00:39]} 1/2-1/2

[Event "Figueira 2023"]
[Site "?"]
[Date "2023.11.06"]
[Round "2.5"]
[White "Kaczmarek, Aleksander"]
[Black "Bernadskiy, Vitaliy"]
[Result "0-1"]
[BlackElo "2546"]
[WhiteElo "2331"]
[LiveChessVersion "1.4.8"]

1. e4 e5 2. Bc4 Nf6 3. d3 Nc6 4. Nc3 Na5 5. Qf3 d6 6. h3 c6 7. Bg5 b5 8. Bb3 h6
9. Bd2 g6 10. Nge2 Bg7 11. g4 Nxb3 12. axb3 h5 13. g5 Nd7 14. Qg2 Nc5 15. f4 exf4
16. Bxf4 Ne6 17. Be3 O-O 18. h4 b4 19. Na4 c5 20. O-O Bb7 21. c4 bxc3 22. Naxc3
Qb6 23. Ra3 Rae8 24. Nf4 Nxf4 25. Rxf4 d5 26. Na4 Qc7 27. Qf2 dxe4 28. Nxc5 exd3
29. Rxa7 Rxe3 30. Qxe3 d2 31. Ra1 Rd8 32. Rd1 Bd4 33. Rxd4 Rxd4 34. Nxb7 Rg4+ 35.
Kf1 Qxb7 36. Qe8+ Kh7 37. Kf2 Rf4+ 38. Kg1 Qa7+ 39. Kh1 Qf2 0-1

[Event "Figueira 2023"]
[Site "?"]
[Date "2023.11.06"]
[Round "2.6"]
[White "Lalit, Babu M R"]
[Black "Elissalt Cardenas, Hector"]
[Result "1-0"]
[BlackElo "2327"]
[WhiteElo "2533"]
[LiveChessVersion "1.4.8"]

1. d4 {[%clk 1:30:54]} Nf6 {[%clk 1:30:24]} 2. c4 {[%clk 1:30:41]} e6
{[%clk 1:30:07]} 3. Nf3 {[%clk 1:31:06]} b6 {[%clk 1:30:19]} 4. g3
{[%clk 1:31:28]} Bb7 {[%clk 1:30:38]} 5. Bg2 {[%clk 1:31:52]} g6 {[%clk 1:30:16]}
6. Qc2 {[%clk 1:32:16]} Bg7 {[%clk 1:30:33]} 7. Nc3 {[%clk 1:32:41]} O-O
{[%clk 1:30:40]} 8. e4 {[%clk 1:30:20]} d5 {[%clk 1:30:57]} 9. e5
{[%clk 1:29:36]} Ne4 {[%clk 1:30:55]} 10. h4 {[%clk 1:29:51]} Na6
{[%clk 1:28:26]} 11. cxd5 {[%clk 1:19:08]} Nxc3 {[%clk 1:23:39]} 12. bxc3
{[%clk 1:07:22]} Qxd5 {[%clk 1:23:52]} 13. h5 {[%clk 1:07:45]} Qc4
{[%clk 1:02:09]} 14. Ba3 {[%clk 1:05:09]} Be4 {[%clk 0:58:18]} 15. Nd2
{[%clk 1:02:14]} Bxc2 {[%clk 0:50:56]} 16. Nxc4 {[%clk 1:02:26]} Rfd8
{[%clk 0:50:22]} 17. Bb7 {[%clk 0:50:59]} 1-0

[Event "Figueira 2023"]
[Site "?"]
[Date "2023.11.06"]
[Round "2.7"]
[White "Rajesh, V A V"]
[Black "Prraneeth, Vuppala"]
[Result "0-1"]
[BlackElo "2512"]
[WhiteElo "2310"]
[LiveChessVersion "1.4.8"]

1. d4 Nf6 2. c4 e6 3. Nc3 Bb4 4. Bd2 O-O 5. Nf3 d5 6. e3 b6 7. Rc1 Bb7 8. cxd5
exd5 9. Bd3 Re8 10. O-O Bf8 11. Ne5 c5 12. Bb5 Nbd7 13. f4 a6 14. Be2 b5 15. Be1
Rc8 16. Bh4 Be7 17. Bf3 cxd4 18. exd4 Nb6 19. f5 Nc4 20. Nxc4 Rxc4 21. b3 Rc8 22.
Qd3 Ne4 23. Bxe7 Rxe7 24. Ne2 h6 25. Rxc8 Qxc8 26. Bxe4 dxe4 27. Qe3 f6 28. Ng3
Qc2 29. Rc1 Qxa2 30. Nh5 Qa5 31. d5 Qd8 32. Qg3 Rd7 33. Kh1 Bxd5 34. Rd1 Qe7 35.
Rc1 Bb7 36. h3 Qe5 37. Qg6 Rf7 38. Rd1 Bd5 39. Rc1 Bb7 40. Rd1 Qc7 41. Nxg7 Rxg7
42. Qe8+ Kh7 43. Rd8 Qc1+ 44. Kh2 Qf4+ 45. Kg1 Rxg2+ 0-1

[Event "Figueira 2023"]
[Site "?"]
[Date "2023.11.06"]
[Round "2.8"]
[White "Janik, Igor"]
[Black "Antolak, Julia"]
[Result "1-0"]
[BlackElo "2281"]
[WhiteElo "2501"]
[LiveChessVersion "1.4.8"]

1. c4 {[%clk 1:30:30]} c5 {[%clk 1:30:03]} 2. g3 {[%clk 1:30:14]} g6
{[%clk 1:29:23]} 3. Bg2 {[%clk 1:30:35]} Bg7 {[%clk 1:29:44]} 4. Nc3
{[%clk 1:30:51]} Nc6 {[%clk 1:30:06]} 5. d3 {[%clk 1:31:07]} e6 {[%clk 1:29:31]}
6. Bd2 {[%clk 1:31:19]} Nge7 {[%clk 1:28:48]} 7. Qc1 {[%clk 1:29:40]} d5
{[%clk 1:16:13]} 8. Bh6 {[%clk 1:22:33]} Bxh6 {[%clk 1:13:41]} 9. Qxh6
{[%clk 1:23:01]} Nf5 {[%clk 1:12:36]} 10. Qd2 {[%clk 1:18:34]} dxc4
{[%clk 1:06:32]} 11. Bxc6+ {[%clk 1:17:32]} bxc6 {[%clk 1:06:57]} 12. dxc4
{[%clk 1:17:47]} Qe7 {[%clk 0:58:18]} 13. g4 {[%clk 1:03:26]} Nd6
{[%clk 0:53:38]} 14. b3 {[%clk 1:03:15]} f5 {[%clk 0:50:41]} 15. Rd1
{[%clk 1:00:34]} Nf7 {[%clk 0:48:50]} 16. gxf5 {[%clk 0:52:42]} exf5
{[%clk 0:47:25]} 17. Qe3 {[%clk 0:49:21]} Qxe3 {[%clk 0:39:27]} 18. fxe3
{[%clk 0:46:40]} Ng5 {[%clk 0:33:50]} 19. Nf3 {[%clk 0:43:18]} Ne4
{[%clk 0:29:20]} 20. Na4 {[%clk 0:43:12]} O-O {[%clk 0:27:58]} 21. Nd2
{[%clk 0:39:33]} Nf6 22. Nxc5 {[%clk 0:39:35]} Ng4 {[%clk 0:25:48]} 23. Nf1
{[%clk 0:39:13]} Re8 {[%clk 0:24:04]} 24. Rd3 {[%clk 0:34:47]} Re5
{[%clk 0:23:00]} 25. Rd8+ {[%clk 0:32:39]} Kf7 {[%clk 0:23:18]} 26. Nd3
{[%clk 0:33:03]} Re7 {[%clk 0:22:02]} 27. Kd2 {[%clk 0:32:00]} a5
{[%clk 0:19:12]} 28. h3 {[%clk 0:26:51]} Nf6 {[%clk 0:19:38]} 29. Ng3
{[%clk 0:25:55]} h5 {[%clk 0:19:58]} 30. h4 {[%clk 0:21:55]} Ng4 {[%clk 0:17:08]}
31. e4 {[%clk 0:16:25]} fxe4 {[%clk 0:17:10]} 32. Rf1+ {[%clk 0:16:44]} Kg7
{[%clk 0:17:03]} 33. Nc5 {[%clk 0:16:15]} e3+ {[%clk 0:14:01]} 34. Kc3
{[%clk 0:16:20]} Nf2 {[%clk 0:13:42]} 35. Kd4 {[%clk 0:11:14]} g5
{[%clk 0:11:42]} 36. Rg1 {[%clk 0:05:27]} Nh3 {[%clk 0:09:39]} 37. Rg2
{[%clk 0:05:20]} Nf4 {[%clk 0:09:33]} 38. Nxh5+ {[%clk 0:05:12]} Nxh5
{[%clk 0:09:35]} 39. Rxg5+ {[%clk 0:05:38]} Kf8 40. Rxf8 {[%clk 0:34:59]} Rf7
{[%clk 0:38:40]} 41. Rxf7 {[%clk 0:33:52]} 1-0

[Event "Figueira 2023"]
[Site "?"]
[Date "2023.11.06"]
[Round "2.9"]
[White "Jacobsen, Mikkel Manosri"]
[Black "Das, Sayantan"]
[Result "1/2-1/2"]
[BlackElo "2500"]
[WhiteElo "2261"]
[LiveChessVersion "1.4.8"]

1. c4 Nf6 2. g3 g6 3. Bg2 Bg7 4. Nc3 O-O 5. d3 c5 6. e3 Nc6 7. Nge2 e5 8. a3 d6
9. Rb1 Be6 10. Nd5 Rb8 11. Nec3 Ne7 12. b4 cxb4 13. Rxb4 Nfxd5 14. cxd5 Bd7 15.
Qb3 b5 16. Qb1 e4 17. Rb3 a5 18. Bd2 Rc8 19. d4 f5 20. Bf1 b4 21. axb4 axb4 22.
Rxb4 Qa5 23. Bb5 Rb8 24. O-O Rfc8 25. Nxe4 Rxb5 26. Nxd6 Rxb4 27. Bxb4 Qxd5 28.
Nxc8 Nxc8 29. Rc1 Bc6 30. Rxc6 Qxc6 31. Qb3+ Kh8 32. Qf7 h5 33. d5 Qc1+ 34. Kg2
Qc4 35. Bf8 Qe4+ 36. f3 Qe5 37. Bxg7+ Qxg7 38. Qe8+ Qg8 39. Qe5+ Kh7 40. Qc7+ Kh6
41. Qf4+ Kh7 42. Qc7+ Kh6 43. Qf4+ Kg7 44. Qe5+ Kh7 45. Qc7+ 1/2-1/2

[Event "Figueira 2023"]
[Site "?"]
[Date "2023.11.06"]
[Round "2.11"]
[White "Anustoop, Biswas"]
[Black "Spraggett, Kevin"]
[Result "0-1"]
[BlackElo "2480"]
[WhiteElo "2256"]
[LiveChessVersion "1.4.8"]

1. e4 c5 2. Nf3 e6 3. d4 cxd4 4. Nxd4 Nf6 5. Nc3 d6 6. g4 h6 7. h4 Nc6 8. g5 hxg5
9. Bxg5 Qb6 10. Nb3 Bd7 11. Qd2 Rc8 12. Be2 a6 13. O-O-O Qc7 14. f4 b5 15. a3 b4
16. axb4 Nxb4 17. Kb1 a5 18. Nd4 Qb7 19. f5 e5 20. Bxf6 gxf6 21. Ndb5 d5 22. Nxd5
Nxd5 23. Qxd5 Bc6 24. Nd6+ Bxd6 25. Qxd6 Rb8 26. b3 Bxe4 27. Rh3 Qb6 28. Qd7+ Kf8
29. Rg3 Qc6 30. Bc4 Qxd7 31. Rxd7 Rh7 32. Bd3 Bxd3 33. Rgxd3 Rxh4 34. Ra7 a4 35.
Rdd7 axb3 36. Rxf7+ Kg8 37. cxb3 Rxb3+ 38. Kc1 Rg3 39. Rfd7 Rh1+ 40. Kc2 Rh2+ 41.
Rd2 Rxd2+ 42. Kxd2 Rf3 43. Ke2 Rxf5 44. Ke3 Rg5 45. Ke4 Rg7 46. Ra8+ Kf7 47. Ra7+
Kg6 48. Ra1 Rd7 49. Rg1+ Kf7 50. Kf5 Rd4 51. Rf1 Rh4 52. Rf2 Rh5+ 0-1

[Event "Figueira 2023"]
[Site "?"]
[Date "2023.11.06"]
[Round "2.12"]
[White "Urazayev, Arystanbek"]
[Black "Namini, Armin"]
[Result "1-0"]
[BlackElo "2187"]
[WhiteElo "2478"]
[LiveChessVersion "1.4.8"]

1. e4 {[%clk 1:30:57]} e5 {[%clk 1:30:49]} 2. Nf3 {[%clk 1:30:59]} Nf6
{[%clk 1:31:08]} 3. d4 {[%clk 1:31:04]} Nxe4 {[%clk 1:31:22]} 4. Bd3
{[%clk 1:31:26]} d5 {[%clk 1:30:48]} 5. Nxe5 {[%clk 1:31:51]} Nd7
{[%clk 1:25:10]} 6. Nc3 {[%clk 1:32:12]} Nxe5 {[%clk 1:22:22]} 7. dxe5
{[%clk 1:32:39]} Nxc3 {[%clk 1:12:15]} 8. bxc3 {[%clk 1:33:06]} Bc5
{[%clk 1:09:16]} 9. O-O {[%clk 1:32:48]} Be6 {[%clk 1:08:18]} 10. Rb1
{[%clk 1:28:27]} Bb6 {[%clk 1:02:39]} 11. Kh1 {[%clk 1:24:05]} Qh4
{[%clk 1:00:27]} 12. f4 {[%clk 1:22:53]} g6 {[%clk 0:58:23]} 13. Rb4
{[%clk 1:17:13]} Qe7 {[%clk 0:49:55]} 14. f5 {[%clk 1:17:21]} gxf5
{[%clk 0:42:25]} 15. Qh5 {[%clk 1:17:30]} h6 {[%clk 0:38:34]} 16. Bxf5
{[%clk 1:12:10]} O-O-O {[%clk 0:36:39]} 17. Rbf4 {[%clk 1:09:48]} Kb8
{[%clk 0:34:01]} 18. Bxe6 {[%clk 1:06:39]} fxe6 {[%clk 0:34:26]} 19. Rf6
{[%clk 1:06:46]} Qc5 {[%clk 0:33:09]} 20. Qf3 {[%clk 0:59:57]} d4
{[%clk 0:29:32]} 21. Rxe6 {[%clk 0:45:57]} Qc4 {[%clk 0:24:38]} 22. Rxh6
{[%clk 0:43:38]} Rhe8 {[%clk 0:24:09]} 23. e6 {[%clk 0:29:19]} Rxe6
{[%clk 0:21:45]} 24. Qf7 {[%clk 0:26:18]} Rc6 {[%clk 0:21:13]} 25. Qf8
{[%clk 0:23:44]} Rcd6 {[%clk 0:19:29]} 26. Bg5 {[%clk 0:16:57]} Rc8
{[%clk 0:18:30]} 27. Rh7 {[%clk 0:13:05]} Qe6 {[%clk 0:14:40]} 28. Re7
{[%clk 0:09:45]} Qc4 {[%clk 0:13:32]} 29. Rh7 {[%clk 0:03:52]} Qe6
{[%clk 0:14:00]} 30. c4 {[%clk 0:02:51]} a6 {[%clk 0:06:38]} 31. Rh8
{[%clk 0:03:08]} Rc6 {[%clk 0:06:22]} 32. Qxc8+ {[%clk 0:01:57]} Qxc8
{[%clk 0:06:49]} 33. Rff8 {[%clk 0:01:43]} Qxf8 {[%clk 0:07:16]} 34. Rxf8+
{[%clk 0:02:09]} Ka7 {[%clk 0:07:44]} 35. h4 {[%clk 0:01:22]} Rxc4
{[%clk 0:08:04]} 36. h5 {[%clk 0:00:54]} Rc5 {[%clk 0:04:51]} 37. Rg8
{[%clk 0:01:03]} Rxc2 {[%clk 0:05:15]} 38. h6 {[%clk 0:00:48]} d3
{[%clk 0:05:44]} 39. h7 {[%clk 0:01:08]} Bd4 {[%clk 0:03:08]} 40. Rd8
{[%clk 0:31:01]} Be5 {[%clk 0:32:21]} 41. Rxd3 {[%clk 0:30:36]} Rxa2
{[%clk 0:32:28]} 42. Be3+ {[%clk 0:29:52]} b6 {[%clk 0:32:42]} 43. Bd4
{[%clk 0:29:34]} Ra1+ {[%clk 0:31:36]} 44. Bxa1 {[%clk 0:29:59]} Bxa1
{[%clk 0:31:59]} 45. g4 {[%clk 0:28:40]} b5 {[%clk 0:32:04]} 46. g5
{[%clk 0:28:38]} b4 {[%clk 0:31:33]} 47. g6 {[%clk 0:29:03]} a5 {[%clk 0:31:34]}
48. Rd5 {[%clk 0:27:36]} Kb6 {[%clk 0:31:14]} 49. Rd8 {[%clk 0:27:36]} a4
{[%clk 0:30:21]} 50. h8=Q {[%clk 0:27:20]} Bxh8 {[%clk 0:30:42]} 51. Rxh8
{[%clk 0:27:46]} a3 {[%clk 0:29:43]} 52. g7 {[%clk 0:28:08]} 1-0

[Event "Figueira 2023"]
[Site "?"]
[Date "2023.11.06"]
[Round "2.13"]
[White "Chitlange, Sakshi"]
[Black "Sousa, Andre Ventura"]
[Result "1/2-1/2"]
[BlackElo "2441"]
[WhiteElo "2224"]
[LiveChessVersion "1.4.8"]

1. d4 Nf6 2. c4 e6 3. Nf3 Bb4+ 4. Nbd2 O-O 5. a3 Be7 6. e4 d6 7. Be2 Nfd7 8. b4
e5 9. d5 a5 10. Bb2 Na6 11. O-O c5 12. dxc6 bxc6 13. Bc3 Nc7 14. Nb3 axb4 15.
axb4 Rxa1 16. Qxa1 Ne6 17. Na5 Qc7 18. c5 dxc5 19. Nxe5 Bd6 20. Nexc6 Bxh2+ 21.
Kh1 Re8 22. g3 Bxg3 23. fxg3 Qxg3 24. Be1 Qh3+ 25. Kg1 Qe3+ 26. Rf2 Nf4 27. Bf1
Re6 28. Qc3 Rg6+ 29. Kh2 Rh6+ 30. Kg1 Qxe4 31. Qf3 Rg6+ 32. Kh1 Rh6+ 33. Kg1 Rg6+
34. Kh1 Rh6+ 35. Kg1 1/2-1/2